| 000 | 00635cam a2200181 4500 | ||
|---|---|---|---|
| 008 | 091119n 000 0 eng u | ||
| 020 | _a9028603352 | ||
| 035 | _a(Sirsi) a167763 | ||
| 040 | _a | ||
| 050 | _aJX 1995 SZA 1976 | ||
| 100 | _aSzawlowski, Richard. | ||
| 245 |
_aThe system of the international organizations of the communist countries / _cRichard Szawlowski. |
||
| 260 |
_aLeyden : _bSijthoff, _c1976. |
||
| 300 | _axxix, 322 p. ; 24 cm. | ||
| 504 | _aIncludes bibliographical references and indexes. | ||
| 650 | _aInternational agencies --Communist countries. | ||
| 650 | _aRegionalism (International organization) | ||
| 999 |
_c114039 _d114039 |
||